000
00289nam a2200109Ia 4500
008
200302s9999 xx 000 0 und d
100
_a
Jan Kattein
245
_a
The architecture chronicle Diary of an architectural practice
260
_b
Ashuate Publication
260
_c
2014
300
_a
221
999
_c
6777
_d
6777